The Collected Writings of John Maynard Keynes : (Record no. 611071)

MARC details
000 -LEADER
fixed length control field 00509nam a2200193 a 4500
001 - CONTROL NUMBER
control field 1770453313138
003 - CONTROL NUMBER IDENTIFIER
control field YourLibrary
005 - DATE AND TIME OF LATEST TRANSACTION
control field 20260207140845.0
008 - FIXED-LENGTH DATA ELEMENTS--GENERAL INFORMATION
fixed length control field 260207s1971##################000#0#eng##
020 ## - INTERNATIONAL STANDARD BOOK NUMBER
International Standard Book Number 9780333241738
082 04 - DEWEY DECIMAL CLASSIFICATION NUMBER
Classification number 330.15608
Item number KEY.29
040 ## - CATALOGING SOURCE
Original cataloging agency YourLibrary
Language of cataloging eng
Transcribing agency YourLibrary
100 1# - MAIN ENTRY--PERSONAL NAME
Personal name Keynes, John Maynard,
Relator term author.
245 10 - TITLE STATEMENT
Title The Collected Writings of John Maynard Keynes :
260 ## - PUBLICATION, DISTRIBUTION, ETC.
Date of publication, distribution, etc. 1971.
300 ## - PHYSICAL DESCRIPTION
Extent 372 pages
650 #0 - SUBJECT ADDED ENTRY--TOPICAL TERM
Topical term or geographic name entry element Economics.
942 ## - ADDED ENTRY ELEMENTS (KOHA)
Koha item type English Books
Holdings
Withdrawn status Lost status Damaged status Not for loan Home library Current library Shelving location Date acquired Total Checkouts Full call number Barcode Date last seen Price effective from Koha item type
        Anna Centenary Library Anna Centenary Library 4TH FLOOR, A WING 07.02.2026   330.15608 KEY.29 320235 07.02.2026 07.02.2026 English Books

Find us on the map